000 00513nam a2200193 a 4500
001 1771063879530
003 YourLibrary
005 20260214154421.0
008 260214s2003##################000#0#eng##
020 _a9780333692523
082 0 4 _a307.720947
_bMEL
100 1 _aMelvin, N.,
_eauthor.
245 1 0 _aSoviet Power and the Countryside :
260 _bPalgrave Macmillan,
_c2003.
300 _a279 pages
650 0 _aPolitical Science.
942 _cENGLISH
040 _aYourLibrary
_beng
_cYourLibrary
999 _c612451
_d612451